000 00816nam a2200277Ia 4500
003 OSt
005 20220912153026.0
006 a|||||r|||| 00| 0
007 ta
008 220909b |||||||| |||| 00| 0 eng d
024 _a25288
037 _cTextual
040 _aCSL
_beng
_cCSL
041 _aeng
082 _aB9:6358p1:N67, K8
100 _aCarovillano Robert Ed.
111 _aConference on physics of the magnetosphere (1967 : Boston)
245 0 _aProceeding on Physics of the magnetosphere
260 _c1973
300 _ap.
_ccm.
490 _aAstrophysics and Space Lbrary
700 _a McClay John F Ed.
700 _a Radoski Henry R
942 _hB9:6358p1:N67, K8
_cTEXL
_2CC
999 _c96441
_d96441